Kaedah pembelajaran koperatif dalam ekonomi asas: implikasi terhadap pelajar yang lemah pencapaian akademik /
Saved in:
| 主要作者: | |
|---|---|
| 格式: | Thesis 圖書 |
| 語言: | English |
| 出版: |
2001.
|
| 標簽: |
添加標簽
沒有標簽, 成為第一個標記此記錄!
|
| LEADER | 01033cam a2200265 i 4500 | ||
|---|---|---|---|
| 001 | u1057793 | ||
| 003 | SIRSI | ||
| 005 | 201708021128 | ||
| 008 | 170802s2001 my a m 000 0 eng | ||
| 040 | |a UMD |e rda | ||
| 090 | |a LB7 |b B1 UM 2001 Manms | ||
| 100 | 1 | |a Manisah, Md Sharif | |
| 245 | |a Kaedah pembelajaran koperatif dalam ekonomi asas: implikasi terhadap pelajar yang lemah pencapaian akademik / |c Manisah Md Sharif | ||
| 264 | 1 | |c 2001. | |
| 264 | 4 | |c 2001. | |
| 300 | |a viii, 97 leaves : |b illustrations ; |c 30 cm. | ||
| 336 | |a text |2 rdacontent | ||
| 337 | |a unmediated |2 rdamedia | ||
| 338 | |a volume |2 rdacarrier | ||
| 502 | |b M. Sc. Ed |c Jabatan Pendidikan Sains dengan Teknologi Komunikasi & Maklumat, Fakult iPendidikan, Universiti Malaya |d 2001. | ||
| 504 | |a Bibliography: leaves 80-85. | ||
| 710 | 2 | |a Universiti Malaya. |b Fakulti Pendidikan |e degree granting institution. | |
| 902 | |a 090- 1 copy in UMD. | ||
| 596 | |a 8 | ||
| 999 | |a LB7 B1 UM 2001 MANMS |w LC |c 1 |i A516796489 |d 18/11/2019 |l STACKS |m P08PENDIDI |q 1 |r Y |s Y |t TESIS |u 7/8/2017 | ||
